000 00351nam a2200133Ia 4500
008 220204s9999 xx 000 0 und d
082 _a34:629.113(548.3)
_bSUG
100 _aSUGATHAN, N
245 0 _aKerala motor vehicles taxation act 1976 (with rules)
250 _a2
260 _aCochin
_bSwami
_c1980
650 _aMotor vehicle act
942 _cBK
999 _c35601
_d35601